000
00317 a2200133 4500
005
20250702082900.0
020
_a
978-0-099-59823-7
082
_a
WAR
100
_a
WARE, R.
245
_a
The Woman in Cabin 10,
260
_a
New York,
_b
Penguin Random House,
_c
2017.
300
_a
vii, 345,:
_c
19.7cm
942
_2
ddc
_c
BKS
999
_c
6569
_d
6569